| 000 -Cabecera (24) |
| Campo de control interno |
01145nam a22003494a 4500 |
| 001 - Número de control |
| Campo de control |
ESSALUD |
| 007 - Tipo material - Descripcion fisica - info general |
| Tipo material |
ta |
| 008 - Códigos de longitud fija (40p) |
| Campo de control de longitud fija |
t1985 pe gr 00| 0 spa d |
| 040 ## - Origen de la Catalogacion |
| Origen de la Catalogacion |
ESSALUD |
| 041 ## - Código de idioma (R) |
| Código de lengua del texto/banda sonora o título independiente (R) |
spa |
| 043 ## - Pais ISO |
| País ISO |
pe |
| 082 ## - Número de la Clasificación |
| Clasificación Dewey |
368.4201 |
| Codigo Cutter |
IN59/1985 |
| 110 ## - Autor Corporativo |
| Nombre de entidad corporativa o nombre de jurisdicción como elemento inicial (NR |
Instituto Peruano de Seguridad Social. Dirección de Estadística |
| Rol del autor |
autor |
| 9 (RLIN) |
44207 |
| 245 ## - Titulo |
| Titulo |
Boletín estadístico de prestaciones de salud: año 1985 |
| 250 ## - Mencion de edicion |
| Mencion de edicion |
1 ed. |
| 260 ## - Editorial |
| Ciudad |
Lima : |
| Nombre de la Editorial |
IPSS, |
| Fecha |
1985 |
| 300 ## - Descripcion |
| Páginas |
84 páginas |
| 650 ## - Temas - Descriptores |
| Temas - Descriptores |
ESTADÍSTICAS DE ATENCIÓN MÉDICA |
| 9 (RLIN) |
11557 |
| 650 ## - Temas - Descriptores |
| Temas - Descriptores |
ESTADÍSTICAS HOSPITALARIAS |
| 9 (RLIN) |
43336 |
| 650 ## - Temas - Descriptores |
| Temas - Descriptores |
ATENCIÓN AMBULATORIA |
| 650 ## - Temas - Descriptores |
| Temas - Descriptores |
ACCIDENTES DE TRABAJO |
| 9 (RLIN) |
2907 |
| 650 ## - Temas - Descriptores |
| Temas - Descriptores |
ENFERMEDADES PROFESIONALES |
| 9 (RLIN) |
14771 |
| 650 ## - Temas - Descriptores |
| Temas - Descriptores |
SEGURIDAD SOCIAL |
| 9 (RLIN) |
2070 |
| 653 ## - Palabras Claves |
| Palabras Claves |
PRESTACIONES ECONÓMICAS |
| 700 ## - Autor Personal |
| Autor Personal |
Garcia Guillen, Aquilino |
| 9 (RLIN) |
44208 |
| 700 ## - Autor Personal |
| Autor Personal |
Serrano Gallardo, Marcela |
| 9 (RLIN) |
44210 |
| 700 ## - Autor Personal |
| Autor Personal |
Li Quispe, Juan Carlos |
| 9 (RLIN) |
44466 |
| 700 ## - Autor Personal |
| Autor Personal |
Dongo Huamán, Gilda Yolanda |
| 9 (RLIN) |
52882 |
| 700 ## - Autor Personal |
| Autor Personal |
Tapia Villalta, Eusebia |
| 9 (RLIN) |
43888 |
| 700 ## - Autor Personal |
| Autor Personal |
Vallejos Arce, Rosaura |
| 9 (RLIN) |
44213 |
| 942 ## - Datos personalizados Koha |
| Tipo de Documento |
Libros |
| Fecha procesamiento |
2026-06-24 |
| Documentalista |
AFC |